• 首页
  • 本馆介绍
  • 公告通知
  • 最新文献
  • 馆藏检索
  • 电子资源
  • 读者导购
  • 参考咨询
  • 我的图书馆
  • 登录
  • 详细信息显示
  • 放入我的书架
  • 预约/预借图书
  • 作者相关作品
  • 分类相关作品
  • 丛书相关作品
  • 出版社相关作品

书目信息

  • 表格格式
  • 工作单格式
  • 卡片格式
题名:
计算器与点钞技能实训
    
 
作者: 徐翠梅 , 宋锐 主编
分册:  
出版信息: 北京   电子工业出版社  2015
页数: 88页
开本: 26cm
丛书名:
单 册:
中图分类: F830.4
科图分类:
主题词: 银行业务--教学参考资料--职业教育
电子资源:
ISBN: 978-7-121-25556-4
000 00886nam0 2200253 450
001 497
005 20160905084204.01
010    @a978-7-121-25556-4@dCNY18.00
100    @a20150407d2015 em y0chiy50 ea
101 0  @achi
102    @aCN@b110000
105    @aa z 000yy
200 1  @a计算器与点钞技能实训@9ji suan qi yu dian chao ji neng shi xun@f徐翠梅,宋锐主编
205    @a2版
210    @a北京@c电子工业出版社@d2015
215    @a88页@c图@d26cm
300    @a职业教育财经类专业教学用书
330    @a本书主要内容包括计算器简介、计算器操作知识与指法、计算器数字小键盘录入技术、点钞操作知识与手法、真假货币的识别、超市收银实务、票据的书写与鉴别。
606 0  @a银行业务@j教学参考资料@x职业教育
690    @aF830.4@v5
701  0 @a徐翠梅@9xu cui mei@4主编
701  0 @a宋锐@9song rui@c(教育)@4主编
801  0 @aCN@b唐山师范学院图书馆@c20160722
905    @aZUCC@dF830.4@e315=2
    
    计算器与点钞技能实训/徐翠梅,宋锐主编.-2版.-北京:电子工业出版社,2015
    88页:图;26cm
    职业教育财经类专业教学用书
    
    ISBN 978-7-121-25556-4:CNY18.00
    本书主要内容包括计算器简介、计算器操作知识与指法、计算器数字小键盘录入技术、点钞操作知识与手法、真假货币的识别、超市收银实务、票据的书写与鉴别。
●
相关链接 在E读中查询图书 在五车中查询图书 在当当中查询图书 在豆瓣中查询图书


正题名:计算器与点钞技能实训     索取号:F830.4/315=2         预约/预借

序号 登录号 条形码 馆藏地/架位号 状态 备注
1 902093   209020931   第一样本阅览室/ [索取号:F830.4/315=2] 在馆    
2 902094   209020940   第一借阅区/ [索取号:F830.4/315=2] 在馆    
3 902095   209020959   第一借阅区/ [索取号:F830.4/315=2] 在馆    
4 902096   209020968   第一借阅区/ [索取号:F830.4/315=2] 在馆    
5 902097   209020977   第一借阅区/ [索取号:F830.4/315=2] 在馆    
唐山师范学院图书馆 欢迎您!
大连网信软件有限公司© 版权所有